000 00616nam a22002057a 4500
003 OSt
005 20221206143328.0
008 221206s2003 ck aco|gr|||| 00| 0 spa d
020 _a9580453853
040 _aCO-JMCR
_cCO-JMCR
041 0 _aspa
082 0 4 _aR 036 /
_bD545d
245 0 0 _aDiccionario enciclopédico nuevo milenio
260 _aBogotá :
_bNorma,
_c2003
300 _a4 volúmenes :
_bilustraciones, fotografías y retratos a color ;
_c27 cm
490 0 _aReferencia
505 0 _av.1. A-C -- v.2. C-J -- v.3. J-R -- v.4. R-Z
650 1 4 _aEnciclopedias y diccionarios
_92047
942 _2ddc
_cBK
999 _c29778
_d16162